| 000 | 00389cam a2200169ua 4500 | ||
|---|---|---|---|
| 020 | _cRs 25.00 | ||
| 041 |
_aeng _h |
||
| 082 |
_a824 _bLUC/AR |
||
| 100 | _aLucas, F L . | ||
| 245 |
_aArt of living / _cF L Lucas. _hTextual Documents |
||
| 260 |
_aLondon : _bCassell , _c1959. |
||
| 300 | _a285 ; . | ||
| 365 | _aRs 25.00 | ||
| 504 | _a | ||
| 942 | _cBK | ||
| 999 |
_c3958 _d3958 |
||